| 000 | 00354nam a2200145Ia 4500 | ||
|---|---|---|---|
| 008 | 150201s2010 xx 000 0 und d | ||
| 082 |
_a610.7 _bN10C |
||
| 100 | _aCLEMENT , I. | ||
| 245 | _aNURSING SOLVED QUSTION PAPERS FOR GNM 3RD YEARS | ||
| 250 | _a1ST | ||
| 260 |
_bJAYPEE _aDELHI _c2010 |
||
| 300 | _a459 | ||
| 650 | _aNURSING | ||
| 942 |
_2ddc _cBK _03 |
||
| 999 |
_c2124 _d2124 |
||